planeta tierra : (Record no. 30032)

MARC details
000 -LEADER
fixed length control field 00411 a2200193 4500
001 - CONTROL NUMBER
control field sjds
003 - CONTROL NUMBER IDENTIFIER
control field sjds
005 - DATE AND TIME OF LATEST TRANSACTION
control field 20240808091811.0
008 - FIXED-LENGTH DATA ELEMENTS--GENERAL INFORMATION
fixed length control field 240808b |||||||| |||| 00| 0 spa d
020 ## - INTERNATIONAL STANDARD BOOK NUMBER
International Standard Book Number 9789501181647
040 ## - CATALOGING SOURCE
Transcribing agency sjds
041 ## - LANGUAGE CODE
Language code of text/sound track or separate title spa
100 ## - MAIN ENTRY--PERSONAL NAME
Personal name
110 ## - MAIN ENTRY--CORPORATE NAME
Corporate name or jurisdiction name as entry element Sigmar
245 ## - TITLE STATEMENT
Title planeta tierra :
Remainder of title 101 Preguntas y Respuestas
260 ## - PUBLICATION, DISTRIBUTION, ETC. (IMPRINT)
Name of publisher, distributor, etc. sigmar
300 ## - PHYSICAL DESCRIPTION
Extent 1 vol.
942 ## - ADDED ENTRY ELEMENTS (KOHA)
Koha item type Reference
Holdings
Withdrawn status Lost status Damaged status Not for loan Home library Current library Shelving location Date acquired Inventory number Total Checkouts Full call number Barcode Date last seen Price effective from Koha item type
        San Juan Del Sur -- Biblioteca San Juan Del Sur -- Biblioteca General Stacks 20/03/2023 Inventory date: 15-5-25   JN ESPANOL 30028793 31/08/2023 20/03/2023 Reference
        San Juan Del Sur -- Biblioteca San Juan Del Sur -- Biblioteca General Stacks 05/08/2024 Inventory date: 15-5-25   Ref 30026456 04/11/2025 05/08/2024 Reference

Powered by Koha